<?xml version="1.0" encoding="UTF-8"?>
<record
    xmlns:xsi="http://www.w3.org/2001/XMLSchema-instance"
    xsi:schemaLocation="http://www.loc.gov/MARC21/slim http://www.loc.gov/standards/marcxml/schema/MARC21slim.xsd"
    xmlns="http://www.loc.gov/MARC21/slim">

  <leader>03312Cam#a22002775a#4500</leader>
  <controlfield tag="003">AR-RoUNA</controlfield>
  <controlfield tag="005">20260408062853.0</controlfield>
  <controlfield tag="008">140529s2014||||ag|||||f     a||1 0|spa d</controlfield>
  <datafield tag="040" ind1=" " ind2=" ">
    <subfield code="a">AR-RoUNA</subfield>
    <subfield code="b">spa</subfield>
    <subfield code="d">AR-RoUNA</subfield>
  </datafield>
  <datafield tag="041" ind1=" " ind2=" ">
    <subfield code="a">spa</subfield>
  </datafield>
  <datafield tag="044" ind1=" " ind2=" ">
    <subfield code="a">ag</subfield>
  </datafield>
  <datafield tag="100" ind1=" " ind2=" ">
    <subfield code="a">Adagio, Noem&#xED;</subfield>
    <subfield code="9">3313</subfield>
  </datafield>
  <datafield tag="245" ind1="1" ind2="0">
    <subfield code="a">El Constructor Rosarino (1926-1934) </subfield>
    <subfield code="b">Tabla de contenidos</subfield>
    <subfield code="c">/ Noem&#xED; Adagio</subfield>
  </datafield>
  <datafield tag="260" ind1=" " ind2=" ">
    <subfield code="a">Rosario :</subfield>
    <subfield code="b">CURDIUR;  Centro Universitario Rosario de Investigaciones Urbanas y Regionales,</subfield>
    <subfield code="c">ago/1998</subfield>
  </datafield>
  <datafield tag="300" ind1=" " ind2=" ">
    <subfield code="a">40 p. ;</subfield>
    <subfield code="b">plantas</subfield>
    <subfield code="b">planos</subfield>
    <subfield code="c">29x21 cm.</subfield>
  </datafield>
  <datafield tag="490" ind1=" " ind2=" ">
    <subfield code="a">Cuadernos del CURDIUR </subfield>
    <subfield code="v">v. 62</subfield>
  </datafield>
  <datafield tag="520" ind1="3" ind2=" ">
    <subfield code="a">El Constructor Rosarino fue la &#xFA;nica revista local sobre temas de la construcci&#xF3;n y de la arquitectura, a excepci&#xF3;n del a&#xF1;o 1927, en que comparti&#xF3; el p&#xFA;blico de los arquitectos con Arquitectura lo cual le confiere gran importancia y significaci&#xF3;n en la historia de la arquitectura rosarina como registro de los procesos de profesionalizaci&#xF3;n. Hace muchos a&#xF1;os analic&#xE9; este revista para tratar de comprende los procesos de personalizaci&#xF3;n, las disputas entre ingenieros, arquitectos y constructores, entre otras cosas. Aunque realic&#xE9; el relevamiento de los contenidos de esta revista con preguntas especificad, esta sistematizaci&#xF3;n tiene el valor de conformar un material susceptible de analizar con oras preguntas. Por esto justifico la publicaci&#xF3;n tard&#xED;a de este arduo trabajo de relevamiento. La caracterizaci&#xF3;n Institucional de El constructor Rosarino que aqu&#xED; reproduzco como presentaci&#xF3;n, publicada en el Diccionario Hist&#xF3;rico de Arquitectura, H&#xE1;bitat y Urbanismo en la Argentina. La colecci&#xF3;n de la revista no est&#xE1; completa en ning&#xFA;n archivo e nuestra ciudad, los n&#xFA;meros se encuentran en la Biblioteca de nuestra Facultad y en la Biblioteca Laporte de la Facultad de ingenier&#xED;a Local. Para este indice, he tomado como base la colecci&#xF3;n de nuestra Facultad y en los n&#xFA;meros que no se encuentran all&#xED;, puse entre par&#xE9;ntesis la siglo de la Biblioteca donde puede consultarse. Para este publicaci&#xF3;n elimin&#xE9; las anotaciones personales que la lectura de la revista e fue sugiriendo en esa oportunidad y decid&#xED; dejar ciertas acotaciones de orden institucional que aunque no provienen siempre del material de la revista pueden resultar &#xFA;tiles. En cambi&#xF3; conserv&#xE9; transcripciones textuales de algunos art&#xED;culos toda vez qu me parecieron relevantes por los temas tratados y algunas notas escuetas sobre el car&#xE1;cter o sobre los contenidos de aquellos art&#xED;culos cuyos t&#xED;tulos pueden resultar equ&#xED;vocos. El Constructor Rosarino fue la &#xFA;nica revista local sobre temas de la construcci&#xF3;n y de la arquitectura, a excepci&#xF3;n del a&#xF1;o 1927, en que comparti&#xF3; el p&#xFA;blico de los arquitectos con Arquitectura lo cual le confiere gran importancia y significaci&#xF3;n en la historia de la arquitectura rosarina como registro de los procesos de profesionalizaci&#xF3;n. </subfield>
  </datafield>
  <datafield tag="610" ind1="2" ind2="4">
    <subfield code="a">Universidad Nacional de Rosario. Facultad de Arquitectura, Planeamiento y Dise&#xF1;o.</subfield>
    <subfield code="b">CURDIUR (Centro Universitario Rosario de Investigaciones Urbanas y Regionales).</subfield>
    <subfield code="9">2924</subfield>
  </datafield>
  <datafield tag="651" ind1=" " ind2="0">
    <subfield code="a">Rosario (Santa Fe, Argentina)</subfield>
    <subfield code="9">1246</subfield>
  </datafield>
  <datafield tag="653" ind1=" " ind2=" ">
    <subfield code="a">Revista el Constructor Rosario</subfield>
  </datafield>
  <datafield tag="908" ind1=" " ind2=" ">
    <subfield code="a">Imp</subfield>
  </datafield>
  <datafield tag="930" ind1=" " ind2=" ">
    <subfield code="e">11784</subfield>
  </datafield>
  <datafield tag="942" ind1=" " ind2=" ">
    <subfield code="c">LIB</subfield>
    <subfield code="2">udc</subfield>
  </datafield>
  <datafield tag="945" ind1=" " ind2=" ">
    <subfield code="d">2023-10-25</subfield>
  </datafield>
  <datafield tag="980" ind1=" " ind2=" ">
    <subfield code="8"></subfield>
    <subfield code="g">CRON CRON</subfield>
    <subfield code="6">5</subfield>
    <subfield code="a">Mar&#xED;a Machado</subfield>
  </datafield>
  <datafield tag="999" ind1=" " ind2=" ">
    <subfield code="c">12356</subfield>
    <subfield code="d">12356</subfield>
  </datafield>
  <datafield tag="952" ind1=" " ind2=" ">
    <subfield code="0">0</subfield>
    <subfield code="1">0</subfield>
    <subfield code="2">udc</subfield>
    <subfield code="4">0</subfield>
    <subfield code="7">0</subfield>
    <subfield code="a">CURDIUR</subfield>
    <subfield code="b">CURDIUR</subfield>
    <subfield code="d">2026-03-04</subfield>
    <subfield code="l">0</subfield>
    <subfield code="p">LCUR-0357</subfield>
    <subfield code="t">ej. 1</subfield>
    <subfield code="y">LIB</subfield>
    <subfield code="x"></subfield>
  </datafield>
  <datafield tag="952" ind1=" " ind2=" ">
    <subfield code="0">0</subfield>
    <subfield code="1">0</subfield>
    <subfield code="2">udc</subfield>
    <subfield code="4">0</subfield>
    <subfield code="7">0</subfield>
    <subfield code="a">AR-RoUNA</subfield>
    <subfield code="b">AR-RoUNA</subfield>
    <subfield code="c">Mos</subfield>
    <subfield code="d">2026-03-11</subfield>
    <subfield code="e">Don</subfield>
    <subfield code="l">0</subfield>
    <subfield code="p">18448</subfield>
    <subfield code="t">ej. 1</subfield>
    <subfield code="y">LIB</subfield>
    <subfield code="x"></subfield>
  </datafield>
</record>
